Fifa 23 Player Overall 85+ - Statistiken

Allgemein
  • Dieses Quiz wurde 176 mal gespielt
  • Das Durchschnittsergebnis liegt bei 68 aus 86
Antwortstatistiken
Overall Verein Position Nationalität Alter Antwort % Korrekt
91 Paris Saint-Germain ST Frankreich 23 Kylian Mbappe
100%
90 Manchester City ST Norwegen 21 Erling Haaland
99%
91 Paris Saint-Germain RW Argentinien 35 Lionel Messi
99%
91 FC Barcelona ST Polen 33 Robert Lewandowski
99%
89 FC Bayern München GK Deutschland 36 Manuel Neuer
98%
87 Al Nassr ST Portugal 37 Cristiano Ronaldo
97%
89 Tottenham Hotspur ST England 28 Harry Kane
97%
89 FC Bayern München CDM Deutschland 27 Joshua Kimmich
97%
91 Manchester City CM Belgien 31 Kevin de Bruyne
97%
89 FC Liverpool RW Ägypten 30 Mohamed Salah
97%
91 Real Madrid CF Frankreich 34 Karim Benzema
96%
88 Tottenham Hotspur LW Südkorea 29 Heung Min Son
95%
88 Real Madrid CM Kroatien 36 Luka Modric
95%
88 FC Barcelona GK Deutschland 30 Marc-Andre ter Stegen
95%
88 Real Madrid CM Deutschland 32 Toni Kroos
95%
88 FC Liverpool CB Niederlande 30 Virgil van Dijk
95%
89 FC Liverpool GK Brasilien 29 Alisson
94%
87 FC Barcelona CM Niederlande 25 Frenkie de Jong
94%
89 Paris Saint-Germain LW Brasilien 30 Neymar
94%
88 Paris Saint-Germain GK Italien 23 Gianluigi Donnarumma
93%
88 Manchester City GK Brasilien 28 Ederson
92%
89 Atletico Madrid GK Slowenien 29 Jan Oblak
92%
87 Manchester City CDM Spanien 26 Rodri
92%
87 FC Bayern München CF Senegal 30 Sadio Mane
92%
89 Manchester United CDM Brasilien 30 Casemiro
90%
86 Borussia Dortmund GK Schweiz 24 Gregor Kobel
90%
87 FC Chelsea CDM Frankreich 31 N'Golo Kante
90%
90 Real Madrid GK Belgien 30 Thibaut Courtois
90%
86 Real Madrid LW Brasilien 21 Vinicius Jr.
90%
88 Manchester City CM Portugal 27 Bernardo Silva
88%
87 Manchester United CAM Portugal 27 Bruno Fernandes
88%
86 Real Madrid CB Österreich 30 David Alaba
88%
86 FC Liverpool LB Schottland 28 Andrew Robertson
87%
86 Real Madrid CB Deutschland 29 Antonio Rüdiger
87%
85 Borussia Dortmund CM England 19 Jude Bellingham
87%
87 Manchester United GK Spanien 31 David de Gea
86%
86 Real Madrid CM Uruguay 23 Federico Valverde
86%
85 FC Chelsea CB Brasilien 37 Thiago Silva
86%
86 FC Arsenal CAM Norwegen 23 Martin Ødegaard
85%
88 Manchester City CB Portugal 25 Ruben Dias
85%
86 Atletico Madrid ST Frankreich 31 Antoine Griezmann
84%
86 Eintracht Frankfurt GK Deutschland 31 Kevin Trapp
83%
86 Nottingham Forest GK Costa Rica 35 Keylor Navas
83%
87 Paris Saint-Germain CM Italien 29 Marco Verratti
81%
85 FC Bayern München CB Niederlande 22 Matthijs de Ligt
81%
86 AS Rom CF Argentinien 28 Paulo Dybala
81%
85 FC Barcelona CM Spanien 19 Pedri
80%
86 RB Leipzig CF Frankreich 24 Christopher Nkunku
79%
85 Inter Mailand ST Argentinien 24 Lautaro Martinez
78%
87 AC Milan GK Frankreich 26 Mike Maignan
78%
85 FC Arsenal RW England 20 Bukayo Saka
77%
85 AC Milan LB Frankreich 24 Theo Hernandez
77%
88 Paris Saint-Germain CB Brasilien 28 Marquinhos
76%
85 FC Liverpool RB England 23 Trent Alexander-Arnold
76%
85 Aston Villa GK Argentinien 29 Emiliano Martinez
75%
85 FC Bayern München LM Frankreich 26 Kingsley Coman
75%
86 Lazio Rom ST Italien 32 Ciro Immobile
74%
85 FC Bayern München CAM Deutschland 32 Thomas Müller
74%
85 Real Madrid CB Brasilien 24 Eder Militao
73%
85 Manchester City CM Deutschland 31 Ilkay Gündogan
71%
86 Lazio Rom CM Serbien 27 Sergej Milinkovic-Savic
71%
85 FC Bayern München CM Deutschland 27 Leon Goretzka
70%
85 SSC Neapel ST Nigeria 23 Victor Osimhen
70%
85 FC Bayern München GK Schweiz 33 Yann Sommer
70%
87 FC Bayern München LB Portugal 28 Joao Cancelo
66%
85 Manchester United LW England 24 Marcus Rashford
66%
85 Borussia Dortmund CB Deutschland 26 Niklas Süle
66%
86 Manchester City CB Spanien 28 Aymeric Laporte
65%
85 FC Liverpool CM Spanien 31 Thiago
65%
85 Manchester United CB Frankreich 29 Raphael Varane
63%
85 Manchester City RW Algerien 31 Riyad Mahrez
63%
85 Atletico Madrid CF Niederlande 28 Memphis Depay
60%
85 FC Arsenal CDM Ghana 29 Thomas Partey
59%
85 FC Barcelona LB Spanien 33 Jordi Alba
58%
85 FC Barcelona CDM Spanien 33 Sergio Busquets
58%
85 FC Liverpool CDM Brasilien 28 Fabinho
57%
85 Inter Mailand CM Italien 25 Nicolo Barella
56%
85 Celta Vigo ST Spanien 34 Iago Aspas
54%
86 FC Villareal CM Spanien 33 Daniel Parejo
53%
85 FC Chelsea LW England 27 Raheem Sterling
51%
85 Inter Mailand CB Slowakei 27 Milan Skriniar
49%
86 Juventus Turin GK Polen 32 Wojciech Szczesny
49%
85 RB Leipzig GK Ungarn 32 Peter Gulacsi
48%
85 FC Sevilla LB Argentinien 30 Marcos Acuna
43%
85 FC Villareal ST Spanien 30 Gerard Moreno
41%
85 FC Sevilla GK Marokko 31 Yassine Bounou
39%
Keine übereinstimmenden Quizze gefunden
Verteilung der Resultate
Anzahl Personen mit jedem Resultat
Perzentil nach korrekt beantworteten Fragen
Ihre Resultats-Entwicklung
Sie haben dieses Quiz noch nicht gespielt